Методика оценки нефтенасыщенности низкоомных коллекторов в юрских отложениях Юго-Востока Западно-Сибирской плиты; Известия Томского политехнического университета [Известия ТПУ]; Т. 309, № 6

Dades bibliogràfiques
Parent link:Известия Томского политехнического университета [Известия ТПУ]/ Томский политехнический университет (ТПУ).— , 2000-
Т. 309, № 6.— 2006.— [С. 23-26]
Autor principal: Ежова А. В. Александра Викторовна
Sumari:Заглавие с титульного листа
Электронная версия печатной публикации
Аутигенная сульфидная минерализация в нефтенасыщенных коллекторах изменяет электрические и плотностные свойства пород. Выявленные взаимозависимости объемной плотности пород, содержания в них электропроводящих минералов и открытой их пористости позволили построить номограмму для оценки нефтенасыщения коллекторов, которую рекомендуется использовать при интерпретации материалов ГИС.
Idioma:rus
Publicat: 2006
Col·lecció:Естественные науки
Matèries:
Accés en línia:http://www.lib.tpu.ru/fulltext/v/Bulletin_TPU/2006/v309/i6/05.pdf
Format: MixedMaterials Electrònic Capítol de llibre
KOHA link:https://koha.lib.tpu.ru/cgi-bin/koha/opac-detail.pl?biblionumber=171592

MARC

LEADER 00000nla2a2200000 4500
001 171592
005 20231031164029.0
035 |a (RuTPU)RU\TPU\book\186050 
035 |a RU\TPU\book\186049 
090 |a 171592 
100 |a 20091207d2006 k y0rusy50 ca 
101 0 |a rus 
102 |a RU 
135 |a drnn ---uucaa 
181 0 |a i  
182 0 |a b 
200 1 |a Методика оценки нефтенасыщенности низкоомных коллекторов в юрских отложениях Юго-Востока Западно-Сибирской плиты  |b Электронный ресурс  |f А. В. Ежова 
203 |a Текст  |c электронный 
215 |a 1 файл (1.4 Мб) 
225 1 |a Естественные науки 
230 |a Электронные текстовые данные (1 файл : 1.4 Мб) 
300 |a Заглавие с титульного листа 
300 |a Электронная версия печатной публикации 
320 |a [Библиогр.: с. 26 (7 назв.)] 
330 |a Аутигенная сульфидная минерализация в нефтенасыщенных коллекторах изменяет электрические и плотностные свойства пород. Выявленные взаимозависимости объемной плотности пород, содержания в них электропроводящих минералов и открытой их пористости позволили построить номограмму для оценки нефтенасыщения коллекторов, которую рекомендуется использовать при интерпретации материалов ГИС. 
337 |a Adobe Reader 
461 1 |0 (RuTPU)RU\TPU\book\176237  |t Известия Томского политехнического университета [Известия ТПУ]  |f Томский политехнический университет (ТПУ)  |d 2000- 
463 1 |0 (RuTPU)RU\TPU\book\186033  |t Т. 309, № 6  |v [С. 23-26]  |d 2006  |p 256 с. 
610 1 |a оценка 
610 1 |a нефтенасыщенность 
610 1 |a низкоомные коллекторы 
610 1 |a юрские отложения 
610 1 |a юго-восток 
610 1 |a Западно-Сибирская плита 
610 1 |a сульфидная минерализация 
610 1 |a аутигенная минерализация 
610 1 |a нефтенасыщенные коллекторы 
610 1 |a электрические свойства 
610 1 |a плотностные свойства 
610 1 |a горные породы 
610 1 |a взаимозависимость 
610 1 |a объемная плотность 
610 1 |a электропроводящие минералы 
610 1 |a пористость 
610 1 |a номограммы 
610 1 |a интерпретация 
610 1 |a материалы 
610 1 |a ГИС 
610 1 |a географические информационные системы 
610 1 |a труды учёных ТПУ 
610 1 |a электронный ресурс 
700 1 |a Ежова  |b А. В.  |c российский геолог  |c доцент Томского политехнического университета, кандидат геолого-минералогических наук  |f 1939-  |g Александра Викторовна  |2 stltpush  |3 (RuTPU)RU\TPU\pers\26246 
801 1 |a RU  |b 63413507  |c 20090623  |g PSBO 
801 2 |a RU  |b 63413507  |c 20211110  |g PSBO 
856 4 |u http://www.lib.tpu.ru/fulltext/v/Bulletin_TPU/2006/v309/i6/05.pdf 
942 |c CF